00373nam a2200133 a 4500008004100000020001500041050001800056100002300074245006500097260002800162300002100190350000900211650001900220120416s1982 ||||||||||||||||| || u a0080286518 aLB 1575.8 Kra aKrashen, Stephen D14aThe Natural approach: language acquisition in the classroom  aOxford:bPergamonc1982 avi, 191p. : ill. a0.00 aLANGUAGE--ARTS